| 000 | 00626nab#a2200205#c#4500 | ||
|---|---|---|---|
| 999 |
_c53389 _d53389 |
||
| 003 | IEF | ||
| 005 | 20191205105837.0 | ||
| 008 | 950704s1976 uuu|| #####0 b| |u | ||
| 040 |
_aIEF _cES-MaIEF |
||
| 100 | 1 |
_aSevilla Segura, José Víctor _940905 |
|
| 245 |
_aEsquema para el estudio de la descentralización financiera _c José Víctor Sevilla Segura |
||
| 260 | _c1976 | ||
| 650 | 4 |
_aDESCENTRALIZACION ADMINISTRATIVA _942578 |
|
| 650 | 4 |
_aDESCENTRALIZACION FISCAL _942579 |
|
| 650 | 4 |
_aESTUDIOS _943582 |
|
| 773 | 0 |
_tHacienda pública española _w34570 _g40, p. 109-118 |
|
| 942 | _2udc | ||
| 942 | _2udc | ||